[Event "COL-ch deaf 2nd"]
[Site "Cali"]
[Date "2008.??.??"]
[Round "4.6"]
[White "Maestre Daza, Jose Lemis"]
[Black "Mora, Rogelio"]
[Result "0-1"]
[WhiteElo "1600"]
[BlackElo "1600"]
[PlyCount "35"]
[EventDate "2008.10.25"]
[EventType "tourn"]
[EventRounds "7"]
[EventCountry "COL"]
[SourceTitle "EXT 2024"]
[Source "ChessBase"]
[SourceDate "2023.10.10"]
[SourceVersion "1"]
[SourceVersionDate "2023.10.10"]
[SourceQuality "1"]

1. e4 e5 2. Nf3 Nc6 3. Nc3 Bc5 4. Bc4 h6 5. 0-0 Nf6 6. Bb5 0-0 7. Bxc6 bxc6 8. Na4 Bb6 9. Nxe5 Nxe4 10. d4 Ba6 11. c4 Qe7 12. Re1 Ng5 13. Ng6 Qf6 14. Nxf8 Rxf8 15. c5 Ba5 16. Bd2 Bxd2 17. Qxd2 h5 18. f3 0-1